nfl 10 best wr's of all time - Statistics

General Stats
  • This quiz has been taken 313 times
  • The average score is 5 of 10
Answer Stats
Hint Answer % Correct
1980's Jerry Rice
97%
2000's Randy Moss
93%
2010's Calvin Johnson
79%
2000's Terrell Owens
57%
2010's Larry Fitzgerald
52%
1990's Tim Brown
46%
2000's Marvin Harrison
39%
1940's Don Hutson
24%
2000's Steve Smith Sr
22%
1990's Isaac Bruce
17%
No matching quizzes found
Score Distribution
Percent of People with Each Score
Percentile by Number Answered
Your Score History
You have not taken this quiz